| 000 | 02161nas1a22004451i 4500 | ||
|---|---|---|---|
| 001 | RU\NLR\INFOCOMM31\1000052117 | ||
| 005 | 20260407140325.0 | ||
| 011 | _a1997-6399 | ||
| 035 | _a(NLR Aleph) 003154988 | ||
| 090 |
_a3042257 _c3042257 |
||
| 100 | _a20040428a19929999|||y0rusy50 ca | ||
| 101 | 0 | _arus | |
| 102 | _aRU | ||
| 110 | _aahu||||0|y0 | ||
| 200 | 1 |
_aМиллиметровые волны в биологии и медицине _dMillimeter wares in medicine and biology _fМед.-техн. ассоц. "КВЧ", Науч. мед.-биол. о-во "КВЧ" _zeng |
|
| 210 |
_aМ. _d1992 - |
||
| 510 | 1 |
_aMillimeter wares in medicine and biology _zeng |
|
| 712 | 0 | 2 |
_4570 _a"КВЧ", мед.-техн. ассоциация _cМосква _3RU\NLR\AUTH\889921601 _9339310 |
| 712 | 0 | 2 |
_4570 _aИнститут радиотехники и электроники им. В. А. Котельникова _cМосква _3RU\NLR\AUTH\8810006050 _9509553 |
| 801 | 1 |
_aRU _bInfoComm _c20040428 |
|
| 801 | 0 |
_aRU _bNLR _gPSBO |
|
| 801 | 2 |
_aRU _bNLR _c20081006 _2rusmarc |
|
| 852 |
_aNLR _jП17/414 |
||
| 942 | _cJOURNAL | ||
| 980 | _aRUSPER | ||